Biblioteca ESET

Cuadernos de la BN (Registro nro. 856)

Detalles MARC
000 -CABECERA
fixed length control field 00761nam a22001937a 4500
003 - CONTROL NUMBER IDENTIFIER
control field ARBer- Unq
005 - FECHA Y HORA DE LA ULTIMA TRANSACCION
control field 20241206181137.0
020 ## - NUMERO INTERNACIONAL NORMALIZADO PARA LIBROS
Número Internacional Normalizado del libro 25250957
100 ## - ASIENTO PRINCIPAL-NOMBRE PERSONAL
Nombre personal Biblioteca Nacional
245 ## - MENCION DE TITULO
Título Cuadernos de la BN
Mención de responsabilidad, etc Biblioteca Nacional
Medio físico revista
250 ## - MENCION DE EDICION
Mención de edición año 3 :
Resto de la mención de edición N° 17
260 ## - PUBLICACION, DISTRIBUCION, ETC.
Lugar de publicación, distribución, etc. Ciudad Autónoma de Buenos Aires :
Nombre del editor, distribuidor, etc. Biblioteca Nacional,
Fecha de publicación, distribución, etc 2019
500 ## - NOTA GENERAL
Nota general Nota sogbre Emancipadxs. El joven Brahms. Ls que cantan. Productoras, prtoagonistas y Lectoras.
942 ## - ELEMENTOS DE PUNTO DE ACCESO ADICIONAL (KOHA)
Tipo de ítem Koha Revistas
Existencias
Estado de retiro Estado de pérdida No para préstamo Ubicación permanente Ubicación actual Ubicación en estantería Fecha de ingreso Numeración serial Signatura topográfica completa Inventario Date last seen Tipo de ítem Koha Total Checkouts
      Biblioteca ESET - UNQ Biblioteca ESET - UNQ SALA 10/08/2023 AÑO 6 N°17 0.343 CUA 61001 10/08/2023 Fascículos  
      Biblioteca ESET - UNQ Biblioteca ESET - UNQ SALA 10/08/2023 AÑO 6 N° 17 0343 CUA 59766 10/08/2023 Fascículos  
      Biblioteca ESET - UNQ Biblioteca ESET - UNQ SALA 10/08/2023 aÑO 6 N°29 0.343 CUA 60999 10/08/2023 Fascículos  
      Biblioteca ESET - UNQ Biblioteca ESET - UNQ SALA 10/08/2023 AÑO 4 N°19 3.343 CUA 59767 10/08/2023 Fascículos  
      Biblioteca ESET - UNQ Biblioteca ESET - UNQ SALA 10/08/2023 AÑO 3 N° 16 0.343 CUA 61000 10/08/2023 Fascículos  
      Biblioteca ESET - UNQ Biblioteca ESET - UNQ SALA 10/08/2023 AO 3 N° 16 0.343 CUA 60997 10/08/2023 Fascículos  
      Biblioteca ESET - UNQ Biblioteca ESET - UNQ SALA 10/08/2023 AÑO 6 N°28 AÑO 6 N°28 60996 10/08/2023 Fascículos  

ESET UNQ

☏ 4365-7188
 Avenida República de Francia 1714 entre Doctor Kenny y Concordia, Ezpeleta, Bs As.
✉ secretaria_eset@unq.edu.ar

Con tecnología Koha